| 000 | 00000nam 2200000za 4500 |
| 001 | 9.838444 |
| 003 | CaOODSP |
| 005 | 20221107151359 |
| 007 | cr ||||||||||| |
| 008 | 170720s2017 onc oz f000 0 eng d |
| 020 | |a978-0-660-08839-6 |
| 040 | |aCaOODSP|beng |
| 041 | |aeng|afre |
| 043 | |an-cn--- |
| 086 | 1 |aFR4-2017/19-PDF|zFR4-2017-19 |
| 130 | 0 |aConvention concerning Minimum Age for Admission to Employment|d(1973 June 26) |
| 245 | 10|aILO – Convention 138 - Convention concerning Minimum Age for Admission to Employment |h[electronic resource] = |bOIT – Convention 138 - Convention concernant l'âge minimum d'admission à l'emploi. |
| 246 | 31|aOIT – Convention 138 - Convention concernant l'âge minimum d'admission à l'emploi |
| 260 | |a[Ottawa] : |bTreaty Law Division of the Department of Foreign Affairs, Trade and Development = Direction du droit des traités du ministère des Affaires étrangères, du Commerce et du Développement, |cc2017. |
| 300 | |a9, 9 p. |
| 490 | 1 |aTreaty series = Recueil des traités ; |v2017/19 |
| 500 | |a"Adopted at Geneva on 26 June 1973. In Force: 19 June 1976. In Force for Canada: 8 June 2017." |
| 500 | |aAlternate pages have duplicate numbering. |
| 500 | |aThe catalogue number (FR4-2017-19) for the print edition has been copied in this electronic publication. |
| 546 | |aText in English and French. |
| 692 | 07|2gccst|aChildren |
| 692 | 07|2gccst|aLabour |
| 692 | 07|2gccst|aMultilateral agreements |
| 710 | 1 |aCanada. |bGlobal Affairs Canada. |bTreaty Law Division. |
| 710 | 2 |aInternational Labour Organization. |
| 710 | 1 |aCanada. |
| 792 | |tILO – Convention 138 - Convention concerning Minimum Age for Admission to Employment |efre|w(CaOODSP)9.838446 |
| 830 | #0|aCanada treaty series ;|v2017/19|w(CaOODSP)9.811730 |
| 856 | 40|qPDF|s151 KB|uhttps://publications.gc.ca/collections/collection_2017/amc-gac/FR4-2017-19.pdf |